00987nam a2200301 i 4500001000300000003000400003005001700007008003900024015001700063020001500080020001500095040001400110041000800124080002000132080001200152100004700164245005400211260003500265300003200300490002900332500005600361504005200417650002700469655003000496710003300526856009800559830002800657bgBPK20191004134444.0980713s1997 pl f |001 0 pol aPB 1997/5035 a8371100744 a3406412831 aWA NcBPK0 apol a347.65/.68(438) a(075.8)1 aSkowrońska-Bocian, Elżbietad(1948- ).10aPrawo spadkowe /cElżbieta Skowrońska-Bocian. aWarszawa :bC. H. Beck,c1997. aXVI, [II], 198 s. ;c21 cm.1 aPodręczniki Prawnicze. aW innych poz. nazwa aut. : Elżbieta Skowrońska. aBibliogr. s. XVI-[XVII] i przy rozdz. - Indeks. 4aSpadekxprawozPolska. 4aPodręczniki akademickie2 aWydawnictwo C.H. Beck.4pbl. uhttp://koha.tu.koszalin.pl/cgi-bin/koha/opac-detail.pl?biblionumber=33702yKatalog online BPK 0aPodręczniki Prawnicze